000 00588nam a2200205Ia 4500
003 GCL
008 140319s9999 xx 000 0 ara d
040 _aGCL /
_cGCL
082 0 4 _a923.162
_bا ب
100 1 _aانور السادات
245 1 0 _aالبحث عن الذات: قصة حياتى /
_cانور السادات
260 _a[S.N] :
_bالمكتب المصرى الحديث ،
_c1978
300 _a453 ص
490 _a
650 0 4 _aالعصر الحديث
650 0 4 _aمصر
650 0 4 _aتاريخ
650 0 4 _aالتراجم الذاتية
942 _2ddc
_cBK
999 _c34601
_d34601